[Event "Reykjavik Open 2026"]
[Site "Reykjavik ISL"]
[Date "2026.03.28"]
[Round "6.149"]
[White "Olszewski, Milosz Ulfur"]
[Black "Rodsmoen, Maud"]
[Result "1-0"]
[BlackTitle "WFM"]
[WhiteElo "1646"]
[BlackElo "1950"]
[WhiteFideId "2330199"]
[BlackFideId "1510550"]
[EventDate "2026.03.25"]

1. d4 Nf6 2. c4 g6 3. Nc3 d5 4. Nf3 Bg7 5. Bf4 c6 6. e3 Nh5 7. Be5 f6 8. Bg3
Nxg3 9. hxg3 Be6 10. cxd5 cxd5 11. Bd3 Nc6 12. Rxh7 Kf7 13. Qb1 g5 14. Bg6+ Kf8
15. Rxh8+ Bxh8 16. Kd2 Na5 17. b3 Rc8 18. Bf5 Qd7 19. Bxe6 Qxe6 20. Qg6 Qc6 21.
Ne2 e6 22. Rc1 Qd7 23. Rxc8+ Qxc8 24. Nh2 Nc6 25. Ng4 Ne7 26. Qh7 Bg7 27. Nh6
Qe8 28. Ng4 Ng6 29. f4 Ne7 30. Nf2 Nf5 31. Qh3 Qd8 32. Nd3 Qa5+ 33. Nc3 Ke7 34.
g4 Nd6 35. Nf2 Nb5 36. Nd1 gxf4 37. exf4 Nxd4 38. Qh7 Kf8 39. Qd3 Nc6 40. Qb5 d4
41. Qxa5 Nxa5 42. Nb5 Nc6 43. Kd3 e5 44. f5 Ke7 45. a3 Kd7 46. a4 Bf8 47. Nf2 a6
48. Ne4 Nb4+ 49. Ke2 Nd5 50. Nxd4 exd4 51. Kd3 Kc6 52. Kxd4 Bh6 53. g3 Bg5 54.
Nxg5 fxg5 55. Ke5 Nc7 56. Kf6 Kc5 57. Kxg5 Kb4 58. Kh6 Ne8 59. g5 Kxb3 60. f6
Nd6 61. g6 Kxa4 62. g7 Nf5+ 63. Kg6 Nxg7 64. fxg7 b5 65. g8=Q b4 66. Qa2+ Kb5
67. Kf5 a5 68. Ke4 a4 69. Kd4 b3 70. Qa3 Kb6 71. Qxa4 b2 72. Qb3+ 1-0

[Event "Reykjavik Open 2026"]
[Site "Reykjavik ISL"]
[Date "2026.03.28"]
[Round "6.150"]
[White "Gayon, Benoit"]
[Black "Lervik, Anders"]
[Result "1/2-1/2"]
[WhiteElo "1947"]
[BlackElo "1640"]
[WhiteFideId "632040"]
[BlackFideId "1567870"]
[EventDate "2026.03.25"]

1. e4 c6 2. d4 d5 3. e5 c5 4. c3 Nc6 5. Be3 Bf5 6. Bd3 cxd4 7. cxd4 Bxd3 8. Qxd3
e6 9. Nf3 Qb6 10. Qd2 Na5 11. Qc2 Nc4 12. b3 Bb4+ 13. Bd2 Nxd2 14. Nbxd2 Ne7 15.
O-O Rc8 16. Qd3 Bxd2 17. Qxd2 O-O 18. Rfc1 Rxc1+ 19. Rxc1 Nc6 20. Rc3 Qb4 21.
Rd3 Qxd2 22. Rxd2 Rc8 23. Rc2 Ne7 24. Rxc8+ Nxc8 25. Kf1 f6 26. Ke2 Kf7 27. Kd3
b5 28. Ne1 a5 29. f4 Na7 30. Ke3 Nc6 31. a3 f5 32. Nd3 Ke7 33. Nc5 Kf7 34. Nb7
Ke7 35. h3 g6 36. Nd6 b4 37. a4 Nd8 38. h4 h5 39. Kd3 Kd7 1/2-1/2

[Event "Reykjavik Open 2026"]
[Site "Reykjavik ISL"]
[Date "2026.03.28"]
[Round "6.151"]
[White "Tant, Sander"]
[Black "Scotti, Martin"]
[Result "1/2-1/2"]
[WhiteElo "1623"]
[BlackElo "1943"]
[WhiteFideId "281166"]
[BlackFideId "551035065"]
[EventDate "2026.03.25"]

1. d4 d5 2. Nc3 Nf6 3. Bf4 c5 4. e3 cxd4 5. Nb5 Qa5+ 6. c3 dxc3 7. Nc7+ Kd8 8.
bxc3 Qxc3+ 9. Ke2 Qb2+ 10. Ke1 e6 11. Be2 1/2-1/2

[Event "Reykjavik Open 2026"]
[Site "Reykjavik ISL"]
[Date "2026.03.28"]
[Round "6.152"]
[White "Gillmeister, Robin"]
[Black "Mahabiersing, Caspar"]
[Result "1-0"]
[WhiteElo "1939"]
[BlackElo "1595"]
[WhiteFideId "24684414"]
[BlackFideId "40119882"]
[EventDate "2026.03.25"]

1. e4 e6 2. b3 d5 3. Bb2 Nf6 4. e5 Nfd7 5. Nf3 c5 6. d4 Nc6 7. dxc5 Bxc5 8. Bd3
Qc7 9. Qe2 Be7 10. Nbd2 Nc5 11. O-O Nxd3 12. Qxd3 Bd7 13. c4 Nb4 14. Qe2 Bc6 15.
a3 Na6 16. b4 dxc4 17. Nxc4 Bd5 18. Rac1 Qd7 19. Ne3 Nc7 20. Nxd5 Nxd5 21. Nd4
O-O 22. f4 Rac8 23. Rcd1 Qe8 24. f5 exf5 25. Nxf5 Nc3 26. Qg4 g6 27. Rd3 h5 28.
Qf3 Na4 29. Ba1 Rd8 30. Rxd8 Bxd8 31. Nd6 Qc6 32. Qf4 Nc3 33. Bxc3 Qxc3 34. Nxf7
Bb6+ 35. Kh1 Kg7 36. Qh6+ 1-0

[Event "Reykjavik Open 2026"]
[Site "Reykjavik ISL"]
[Date "2026.03.28"]
[Round "6.153"]
[White "Carey, Michael"]
[Black "Beatty, Samuel"]
[Result "1-0"]
[WhiteElo "1929"]
[BlackElo "1633"]
[WhiteFideId "30923760"]
[BlackFideId "1344390"]
[EventDate "2026.03.25"]

1. b3 Nf6 2. Bb2 d5 3. Nf3 c5 4. e3 Nc6 5. Bb5 e6 6. Ne5 Qc7 7. O-O a6 8. Bxc6+
bxc6 9. d3 Be7 10. Nd2 O-O 11. f4 Bb7 12. Qe2 Rad8 13. Rf3 d4 14. e4 Nh5 15. g3
g5 16. Rf2 Ng7 17. Raf1 f5 18. Ndc4 g4 19. Bc1 Rf6 20. Bd2 Re8 21. Ba5 Qc8 22.
Nb6 Qc7 23. Qe1 Bd8 24. Nbd7 Qc8 25. Nxf6+ Bxf6 26. Nc4 Bd8 27. Nd6 1-0

[Event "Reykjavik Open 2026"]
[Site "Reykjavik ISL"]
[Date "2026.03.28"]
[Round "6.154"]
[White "Steiner, Peter Markus"]
[Black "Heyl, Thomas"]
[Result "0-1"]
[WhiteElo "1634"]
[BlackElo "1926"]
[WhiteFideId "12938491"]
[BlackFideId "4623371"]
[EventDate "2026.03.25"]

1. b4 e5 2. Bb2 Bxb4 3. Bxe5 Nf6 4. e3 O-O 5. Nf3 d5 6. Be2 c5 7. O-O Nc6 8. Bb2
Ba5 9. d3 d4 10. e4 Be6 11. Nbd2 b5 12. Ng5 Bd7 13. Nb3 Bb6 14. f4 c4 15. Bf3
cxb3 16. e5 Ne8 17. cxb3 h6 18. Ne4 Rc8 19. Rc1 Nb4 20. Qd2 a5 21. Rxc8 Bxc8 22.
Ba3 Qe7 23. Rc1 Bb7 24. Re1 Bxe4 25. Rxe4 g6 26. g4 Kh7 27. Re2 Ng7 28. Bc6 Qc5
29. Bxb4 axb4 30. Be4 Rc8 31. Kg2 Qc3 32. f5 Qxd2 33. fxg6+ fxg6 34. Rxd2 Ne6
35. Rf2 Rf8 36. Rc2 Nc5 37. e6 Nxe4 38. dxe4 d3 39. Rd2 Re8 40. Rxd3 Rxe6 41.
Rd7+ Kg8 42. Rb7 Bd4 43. Kf3 Rf6+ 44. Ke2 Rf2+ 45. Kd3 Bc3 46. Rxb5 Rd2+ 47. Kc4
Rd4+ 48. Kc5 Rxe4 49. Rb8+ Kf7 50. Rb7+ Kf6 51. Rb6+ Kg5 52. h4+ Kxg4 53. Rxg6+
Kh5 54. Rd6 Rxh4 0-1

[Event "Reykjavik Open 2026"]
[Site "Reykjavik ISL"]
[Date "2026.03.28"]
[Round "6.155"]
[White "Catapano, Alberto Pasquale"]
[Black "Nishida, Eito"]
[Result "0-1"]
[WhiteElo "1922"]
[BlackElo "1587"]
[WhiteFideId "2856161"]
[BlackFideId "7006357"]
[EventDate "2026.03.25"]

1. d4 Nf6 2. c4 e6 3. Nf3 b6 4. a3 Bb7 5. Nc3 d5 6. Bg5 Be7 7. e3 O-O 8. Rc1
Nbd7 9. cxd5 exd5 10. Be2 c5 11. O-O Re8 12. Re1 h6 13. Bf4 Ne4 14. Qa4 cxd4 15.
exd4 Nxc3 16. bxc3 Bc6 17. Qb3 Bb7 18. Bd3 Nf6 19. a4 Bd6 20. Ne5 Re6 21. Qd1
Ne4 22. c4 Qf6 23. Qf3 g5 24. Be3 Qxf3 25. Nxf3 Ba3 26. Rc2 Rc6 27. Bc1 Bb4 28.
Ree2 Nc3 29. Re5 dxc4 30. Bf5 Rd8 31. h4 f6 32. Re3 Nd5 33. Ree2 Kg7 34. Nh2 c3
35. Nf1 Ba6 36. Ng3 Bxe2 37. Nh5+ Kf8 38. Rxe2 Rc7 39. Kf1 a5 40. hxg5 hxg5 41.
f4 Re7 42. Re6 gxf4 43. Nxf4 Nxf4 44. Rxf6+ Kg7 45. Rxb6 Ne2 46. Kf2 Nxc1 0-1

[Event "Reykjavik Open 2026"]
[Site "Reykjavik ISL"]
[Date "2026.03.28"]
[Round "6.156"]
[White "Dufour, Jakob"]
[Black "Schuurmans, Arjan"]
[Result "0-1"]
[WhiteElo "1609"]
[BlackElo "1913"]
[WhiteFideId "282146"]
[BlackFideId "1084763"]
[EventDate "2026.03.25"]

1. e4 c5 2. a3 e5 3. Nf3 Nc6 4. Bb5 Nd4 5. Bc4 d6 6. O-O Be7 7. h3 Nf6 8. Re1
O-O 9. Nxd4 cxd4 10. c3 Be6 11. Bxe6 fxe6 12. cxd4 exd4 13. Qb3 Qd7 14. e5 Nd5
15. d3 Bh4 16. g3 Qf7 17. Qc2 Be7 18. exd6 Bxd6 19. Qe2 Rac8 20. Nd2 Kh8 21. Nc4
Bb8 22. Bd2 b5 23. Na5 Rc2 24. Rab1 Qg6 25. Nb3 Nf4 26. Qg4 Nxd3 27. Qxg6 hxg6
28. Re2 e5 29. Nc1 Nxc1 30. Rxc1 Rxb2 31. Kg2 d3 0-1

[Event "Reykjavik Open 2026"]
[Site "Reykjavik ISL"]
[Date "2026.03.28"]
[Round "6.157"]
[White "T'sas, Jan"]
[Black "Hausberg, Volkmar-Dirk"]
[Result "1-0"]
[WhiteElo "1906"]
[BlackElo "1583"]
[WhiteFideId "204900"]
[BlackFideId "533023280"]
[EventDate "2026.03.25"]

1. e4 c5 2. Nf3 Nc6 3. Bb5 e5 4. O-O Bd6 5. c3 a6 6. Bxc6 dxc6 7. d4 exd4 8.
cxd4 Bg4 9. dxc5 Bxc5 10. Qxd8+ Rxd8 11. Nc3 Nf6 12. Ne5 Be6 13. h3 Bd4 14. Bf4
Bxc3 15. bxc3 Nxe4 16. Rfc1 O-O 17. a4 Rd5 18. Nf3 Rd3 19. c4 Nc3 20. Rc2 Bxc4
21. Rac1 Na2 22. Rxc4 Nxc1 23. Rxc1 Rb3 24. a5 Rc8 25. Be3 Rb5 26. Bb6 c5 27.
Ne5 c4 28. Rxc4 Rxc4 29. Nxc4 Rd5 30. Kf1 f6 31. Ke2 Kf7 32. Ke3 f5 33. g3 Ke6
34. h4 h5 35. Kf4 g6 36. Ne3 Re5 37. Kg5 Kf7 38. Ng2 Re4 39. Nf4 Kg7 40. f3 Rb4
41. Nxg6 Rxb6 42. axb6 a5 43. Ne5 a4 44. Nc4 Kf7 45. Kxf5 Ke7 46. Ke5 Kd7 47.
Kd5 Ke7 48. g4 hxg4 49. fxg4 Kf6 50. h5 Kg5 51. Ke5 Kh6 52. Kf6 Kh7 53. g5 Kg8
54. h6 Kh7 55. Kf7 Kh8 1-0

[Event "Reykjavik Open 2026"]
[Site "Reykjavik ISL"]
[Date "2026.03.28"]
[Round "6.158"]
[White "Aoun, Karim"]
[Black "Koerner, Florian"]
[Result "0-1"]
[WhiteElo "1607"]
[BlackElo "1891"]
[WhiteFideId "5314216"]
[BlackFideId "34605525"]
[EventDate "2026.03.25"]

1. e4 g6 2. d4 Bg7 3. Nf3 c6 4. c4 d5 5. e5 Bg4 6. Be3 f6 7. exf6 Nxf6 8. Nc3
O-O 9. Be2 Kh8 10. Qb3 Qb6 11. c5 Qxb3 12. axb3 Nbd7 13. Ng5 Bxe2 14. Kxe2 e5
15. dxe5 Nxe5 16. Ne6 Rf7 17. Nxg7 Kxg7 18. h3 a6 19. Rhd1 Re8 20. Kf1 Ned7 21.
Bd4 Nf8 22. Re1 Rfe7 23. Ne2 Kf7 24. b4 Ne4 25. Be3 Ne6 26. f3 Nf6 27. Kf2 Nd7
28. Nd4 Ne5 29. Ra3 Nxd4 30. Bxd4 Nd3+ 31. Rxd3 Rxe1 32. f4 R8e2+ 33. Kf3 Rc2
34. g4 Rh1 35. Kg3 Rch2 36. Kh4 Re2 37. Kg5 Rg2 38. Kh6 Rgh2 39. Kg5 Rxh3 40.
Rd2 h6# 0-1

[Event "Reykjavik Open 2026"]
[Site "Reykjavik ISL"]
[Date "2026.03.28"]
[Round "6.159"]
[White "Andresson, Bernardo Tino"]
[Black "Akason, Aevar"]
[Result "0-1"]
[WhiteElo "1888"]
[BlackElo "1557"]
[WhiteFideId "1483943"]
[BlackFideId "2307090"]
[EventDate "2026.03.25"]

1. d4 d5 2. c4 e6 3. Nf3 h6 4. Nc3 Nf6 5. Bf4 Nbd7 6. Nb5 Bb4+ 7. Nd2 e5 8. dxe5
Ne4 9. f3 Bxd2+ 10. Bxd2 Nxd2 11. Qxd2 Qh4+ 12. g3 Qd8 13. cxd5 Nxe5 14. Qf4 Qe7
15. Rc1 Nd3+ 16. Kd1 Nxf4 17. Nxc7+ Kd8 18. Nxa8 Nxd5 19. e4 Ne3+ 20. Ke2 Nxf1
21. Rhxf1 Bd7 22. Rfd1 Qe5 23. Rd5 Qxb2+ 24. Rd2 0-1

[Event "Reykjavik Open 2026"]
[Site "Reykjavik ISL"]
[Date "2026.03.28"]
[Round "6.160"]
[White "Hisnay, Gregory"]
[Black "Austin, Hazel"]
[Result "1-0"]
[WhiteElo "1846"]
[BlackElo "1501"]
[WhiteFideId "2093421"]
[BlackFideId "39951138"]
[EventDate "2026.03.25"]

1. d4 Nf6 2. Nf3 g6 3. g3 d5 4. Bg2 Bg7 5. O-O O-O 6. Re1 c5 7. c3 Qb6 8. Qb3
Qxb3 9. axb3 cxd4 10. Nxd4 Nbd7 11. Nb5 a6 12. Nc7 Rb8 13. Nxd5 Re8 14. Nd2 e6
15. Nxf6+ Nxf6 16. Nc4 e5 17. Rd1 Be6 18. Be3 Bxc4 19. bxc4 e4 20. Bd4 Rbc8 21.
b3 Rc7 22. Bh3 Kf8 23. Ra5 Kg8 24. e3 Rd8 25. Rc1 Re7 26. Kf1 Ree8 27. Ke2 Rd6
28. Rc5 Rdd8 29. Rc7 b5 30. cxb5 axb5 31. Rb7 Rb8 32. Rxb8 Rxb8 33. Ra1 Ne8 34.
Ra6 Nc7 35. Ra5 Nd5 36. Kd2 Bxd4 37. exd4 Rb7 38. Bf1 Nc7 39. Bg2 f5 40. f3 exf3
41. Bxf3 Rb8 42. Ra7 Ne8 43. Bd5+ Kh8 44. Ke3 Nd6 45. Bc6 Rc8 46. Bd5 Rd8 47. c4
bxc4 48. bxc4 h6 49. c5 Nb5 50. Ra8 Rxa8 51. Bxa8 Nc7 52. Bb7 Kg7 53. d5 Kf6 54.
Kd4 g5 55. d6 Ne6+ 56. Kc4 Ke5 57. Bd5 Nd8 58. Bg2 f4 59. Kb5 Ke6 60. Kb6 Kd7
61. Bh3+ Ke8 62. c6 Nxc6 63. Kxc6 Kd8 64. Bg4 fxg3 65. hxg3 h5 66. Bxh5 Kc8 67.
Bg4+ 1-0

[Event "Reykjavik Open 2026"]
[Site "Reykjavik ISL"]
[Date "2026.03.28"]
[Round "6.161"]
[White "Johannsdottir, Hildur Berglind"]
[Black "Texe, Eirik"]
[Result "0-1"]
[WhiteElo "1545"]
[BlackElo "1846"]
[WhiteFideId "2306425"]
[BlackFideId "1569481"]
[EventDate "2026.03.25"]

1. e4 e5 2. Nf3 Nc6 3. Bc4 Nf6 4. Nc3 Nxe4 5. Nxe4 d5 6. Bxd5 Qxd5 7. Nc3 Qd6 8.
d3 Bf5 9. Bd2 O-O-O 10. Ne4 Qd7 11. h3 f6 12. a3 Be7 13. Be3 g5 14. g4 Bg6 15.
Qd2 h5 16. Nh2 hxg4 17. hxg4 Rxh2 18. Rxh2 Bxe4 19. Qe2 Bd5 20. O-O-O Be6 21. f3
Nd4 22. Bxd4 Qxd4 23. Rh7 Bc5 24. Re1 Bd5 25. Kb1 a5 26. Qd2 b6 27. Rf1 Bc6 28.
Rf7 Rd6 29. Rh7 Bd5 30. Rh8+ Kb7 31. Qg2 Qe3 32. Qh1 b5 33. Qh3 Qe2 34. Rc1 Rc6
35. Rd8 Rd6 36. Rf8 Be3 37. Qh5 Bxc1 38. Qe8 Kb6 39. d4 Qe1 40. Qb8+ Bb7 41. Rf7
Rc6 42. d5 Bxb2+ 43. Kxb2 Qc3+ 44. Kb1 Qxc2+ 45. Ka1 Qc1+ 46. Ka2 Rc2+ 47. Kb3
Qb2# 0-1

[Event "Reykjavik Open 2026"]
[Site "Reykjavik ISL"]
[Date "2026.03.28"]
[Round "6.162"]
[White "Perry, Andrew Blair"]
[Black "Smith, Steve"]
[Result "0-1"]
[WhiteElo "1604"]
[BlackElo "1842"]
[WhiteFideId "30958563"]
[BlackFideId "1802119"]
[EventDate "2026.03.25"]

1. d4 d5 2. Nf3 Nf6 3. c4 c6 4. Qc2 Bg4 5. Ne5 Bh5 6. Qb3 Qb6 7. Qh3 e6 8. e3
Be7 9. g4 Bg6 10. Nxg6 fxg6 11. g5 Ne4 12. Qxe6 Nxg5 13. Qg4 O-O 14. a3 Qd8 15.
Nd2 Nd7 16. h4 Nf7 17. f4 Nf6 18. Qh3 Re8 19. Nf3 Ne4 20. Ng5 Qa5+ 21. Ke2 Bf6
22. Nxe4 Rxe4 23. Bd2 Qa4 24. Kf3 Qb3 25. Bc3 Rae8 26. Re1 Bxd4 27. Bxd4 Rxd4
28. Rh2 Rde4 29. Rhe2 Qxc4 30. Kg2 Qb3 31. Kf2 Nd6 32. Rd2 Nc4 33. Bxc4 Rxc4 34.
Ree2 Rxf4+ 35. Ke1 Rfe4 36. Kf2 d4 37. Kg2 Rxe3 38. Qg4 Qd5+ 39. Kf1 Qh1+ 40.
Qg1 Qxg1+ 41. Kxg1 Rxe2 42. Rxe2 Rxe2 0-1

[Event "Reykjavik Open 2026"]
[Site "Reykjavik ISL"]
[Date "2026.03.28"]
[Round "6.163"]
[White "Sigurbjornsson, Ivar Orn"]
[Black "Westcott, Dale"]
[Result "0-1"]
[WhiteElo "1527"]
[BlackElo "1822"]
[WhiteFideId "2305305"]
[BlackFideId "1806017"]
[EventDate "2026.03.25"]

1. e4 c5 2. Nf3 d6 3. Nc3 Nf6 4. d4 cxd4 5. Qxd4 Nc6 6. Qd3 g6 7. Bf4 Bg7 8.
O-O-O O-O 9. e5 Ng4 10. Qe2 Ngxe5 11. Nxe5 Nxe5 12. h4 h5 13. f3 Bd7 14. Bxe5
Bxe5 15. Ne4 Qb6 16. b3 Qb4 17. c4 b5 18. Qd2 Qa3+ 19. Kb1 bxc4 20. Bxc4 Rfc8
21. Rc1 a5 22. Bd5 Rab8 23. Rxc8+ Bxc8 24. Rg1 a4 25. Qc1 Qb4 26. Qc2 e6 27. Bc6
d5 28. Ng5 Qd4 0-1

[Event "Reykjavik Open 2026"]
[Site "Reykjavik ISL"]
[Date "2026.03.28"]
[Round "6.164"]
[White "Gilbert, Alistair"]
[Black "Niori, Nona"]
[Result "1-0"]
[WhiteElo "1820"]
[BlackElo "1421"]
[WhiteFideId "343419160"]
[BlackFideId "7006527"]
[EventDate "2026.03.25"]

1. Nf3 d6 2. d4 Nf6 3. g3 g6 4. Bg2 Bg7 5. O-O O-O 6. Re1 Nbd7 7. e4 e5 8. c3
exd4 9. cxd4 Re8 10. Nc3 c6 11. Bf4 Qc7 12. Rc1 Qb8 13. Qb3 h6 14. h4 Nb6 15.
Qb4 Rd8 16. a4 Nh5 17. Be3 Be6 18. Ne2 d5 19. e5 Qc7 20. b3 Rab8 21. a5 Na8 22.
Bd2 Qd7 23. Kh2 Nc7 24. Qa4 Bg4 25. Nfg1 f6 26. f3 Be6 27. f4 fxe5 28. dxe5 Bh8
29. Nd4 Ng7 30. Nxe6 Qxe6 31. Bh3 Qf7 32. Nf3 Nf5 33. Nd4 Nxd4 34. Qxd4 a6 35.
Rf1 Re8 36. Qd3 Bg7 37. Rf3 h5 38. Rcf1 Ne6 39. f5 Nc5 40. fxg6 Qe7 41. Qf5 Qxe5
42. Qf7+ Kh8 43. Bf4 Qe2+ 44. R1f2 Qe1 45. Bxb8 Rxb8 46. Rf5 Qd1 47. g4 Qc1 48.
Rxh5+ Qh6 49. Rxh6+ Bxh6 50. Qh7# 1-0

[Event "Reykjavik Open 2026"]
[Site "Reykjavik ISL"]
[Date "2026.03.28"]
[Round "6.170"]
[White "B. Berglindardottir, Emilia Embla"]
[Black "Akeborg, Jonatan"]
[Result "0-1"]
[WhiteElo "1656"]
[BlackElo "2000"]
[WhiteFideId "2318946"]
[BlackFideId "1773089"]
[EventDate "2026.03.25"]

1. d4 Nf6 2. c4 e6 3. Nc3 d5 4. Bg5 c6 5. Nf3 dxc4 6. e4 b5 7. e5 h6 8. Bh4 g5
9. Nxg5 hxg5 10. Bxg5 Nbd7 11. Qf3 Qb6 12. Bxf6 Nxf6 13. Qxf6 Rg8 14. Qf4 Bb7
15. Rd1 Qa5 16. Qd2 O-O-O 17. a3 c5 18. Qf4 cxd4 19. Rxd4 Bxa3 20. Rxd8+ Rxd8
21. Qc1 b4 22. Ne2 b3+ 23. Nc3 Qxe5+ 24. Ne2 Bb4+ 0-1

[Event "Reykjavik Open 2026"]
[Site "Reykjavik ISL"]
[Date "2026.03.28"]
[Round "6.171"]
[White "Birgisson, Hilmar Freyr"]
[Black "Resika, Nathan"]
[Result "0-1"]
[BlackTitle "FM"]
[WhiteElo "1651"]
[BlackElo "1990"]
[WhiteFideId "2322943"]
[BlackFideId "2008343"]
[EventDate "2026.03.25"]

1. d4 Nf6 2. c4 g6 3. Nf3 Bg7 4. g3 O-O 5. Bg2 d6 6. O-O c5 7. dxc5 dxc5 8. Nc3
Nc6 9. Bf4 Be6 10. Nd2 Rc8 11. e4 b6 12. Rc1 Qd7 13. Nd5 Nh5 14. b3 Nxf4 15.
Nxf4 Bg4 16. Nf3 Nd4 17. Nd5 Rfd8 18. h3 Nxf3+ 19. Bxf3 Bxh3 20. Re1 h5 21. Ne3
Bd4 22. Bxh5 Bxe3 23. Rxe3 gxh5 24. Qxh5 Qg4 25. Qe5 Rd7 26. Kh2 f6 27. Qf4 Kg7
28. e5 Rh8 29. exf6+ exf6 30. Rce1 Qxf4 31. gxf4 Bf5+ 32. Kg1 Kf7 33. Kg2 Rh4
34. Rf3 Rg4+ 35. Kh2 Rd8 36. Rh3 Rxf4 37. Rh5 Rxf2+ 38. Kg3 Rdd2 39. Rh4 Rg2+
40. Kf3 Rdf2+ 41. Ke3 Rxa2 42. Kf3 Rgf2+ 43. Ke3 Bg6 44. Rh8 Rfb2 45. Kf3 Rf2+
46. Ke3 Rf5 47. Rd1 Re5+ 48. Kf4 Re7 49. Rc1 Re5 50. Rf1 Rg5 51. Rhh1 Rf5+ 52.
Kg4 Re5 53. Kf4 Rae2 54. Rhg1 R5e4+ 55. Kf3 Rh2 56. Rc1 Rh3+ 57. Kf2 Bh5 58. Kg2
Rf3 59. Ra1 Re2+ 60. Kh1 Rxb3 61. Rgf1 Rh3+ 62. Kg1 Bf3 63. Rxf3 Rxf3 64. Rf1
Rg3+ 65. Kh1 Reg2 66. Rxf6+ 0-1

[Event "Reykjavik Open 2026"]
[Site "Reykjavik ISL"]
[Date "2026.03.28"]
[Round "6.172"]
[White "Tsai, Nicholas"]
[Black "Ferzli, Michael"]
[Result "0-1"]
[WhiteElo "1564"]
[BlackElo "1930"]
[WhiteFideId "39954811"]
[BlackFideId "5310288"]
[EventDate "2026.03.25"]

1. e4 c5 2. Nf3 d6 3. d4 cxd4 4. Nxd4 Nc6 5. Nc3 Nf6 6. Bg5 e6 7. Qd2 a6 8.
O-O-O Be7 9. f4 Bd7 10. Kb1 b5 11. Nxc6 Bxc6 12. Bxf6 gxf6 13. f5 Qb6 14. fxe6
fxe6 15. Bd3 h5 16. Rhf1 O-O-O 17. Ne2 Be8 18. Qc3+ Qc5 19. Qa5 Kb7 20. Nf4 Bf7
21. a4 Qb6 22. Qb4 bxa4 23. Qxa4 Ka7 24. Bc4 Rb8 25. Bb3 Rhg8 26. Qd4 Qxd4 27.
Rxd4 Rxb3 28. cxb3 e5 29. Rc1 exd4 30. Rc7+ Kb6 31. Rxe7 Bxb3 32. Rh7 Re8 33.
Rxh5 Rxe4 34. Nd3 Re2 35. Nc1 Bc2+ 36. Ka2 Rxg2 37. Rh6 d3 38. Rxf6 d2 39. Rxd6+
Kc7 0-1

[Event "Reykjavik Open 2026"]
[Site "Reykjavik ISL"]
[Date "2026.03.28"]
[Round "6.173"]
[White "Heidarsson, Mikael Bjarki"]
[Black "Manuel dos Santos, Fabio"]
[Result "1-0"]
[WhiteElo "1925"]
[BlackElo "1644"]
[WhiteFideId "2317532"]
[BlackFideId "533009511"]
[EventDate "2026.03.25"]

1. d4 Nf6 2. Bf4 g6 3. Nc3 Bg7 4. Qd2 O-O 5. Bh6 d6 6. Bxg7 Kxg7 7. h4 h5 8.
O-O-O Nc6 9. e4 e5 10. d5 Nd4 11. Nge2 Nxe2+ 12. Bxe2 Ng4 13. Bxg4 Bxg4 14. f3
Bd7 15. Rdg1 Rh8 16. Qf2 Qf6 17. g3 b5 18. Nd1 c5 19. Kb1 a5 20. f4 exf4 21.
gxf4 c4 22. Qg3 Rhe8 23. Re1 Qd4 24. f5 Qe5 25. Qf3 Kh7 26. Rhg1 Rg8 27. Rg5 Qg7
28. Reg1 Qh6 29. Qg3 Ra6 30. Nf2 Be8 31. Nh3 f6 32. Qc3 Qf8 33. R5g3 Qe7 34.
fxg6+ Rxg6 35. Nf4 Rxg3 36. Qxg3 Qf7 37. Nxh5 Qg6 38. Nxf6+ Qxf6 39. Qg8+ Kh6
40. Qxe8 Ra7 41. Qxb5 Qf2 42. Rc1 Qd4 43. Qc6 Qxe4 44. Qxd6+ Kh5 45. Qe6 Qxe6
46. dxe6 Re7 47. Re1 Kxh4 48. Kc1 Kg5 49. Kd2 Kf6 50. Kc3 a4 51. Kxc4 Rc7+ 52.
Kb4 Ke7 53. Kxa4 Rxc2 54. Kb3 Rc6 55. a4 Rb6+ 56. Ka3 Rd6 57. a5 Rd3+ 58. Ka4
Rd2 59. b4 Ra2+ 60. Kb5 1-0

[Event "Reykjavik Open 2026"]
[Site "Reykjavik ISL"]
[Date "2026.03.28"]
[Round "6.174"]
[White "Sankrithi, Sarang Athreya"]
[Black "Gain, Soheil"]
[Result "1/2-1/2"]
[WhiteElo "1491"]
[BlackElo "1862"]
[WhiteFideId "39939090"]
[BlackFideId "646563"]
[EventDate "2026.03.25"]

1. e4 e6 2. d4 d5 3. Nd2 Be7 4. e5 c5 5. c3 cxd4 6. cxd4 Qb6 7. Ndf3 Bd7 8. Bd3
Bb5 9. Bxb5+ Qxb5 10. Ne2 Bb4+ 11. Nc3 Qc4 12. Qc2 Nd7 13. a3 Ba5 14. Bd2 Rc8
15. Rc1 Bxc3 16. Qxc3 Qxc3 17. Rxc3 Rxc3 18. Bxc3 Nb6 19. Ke2 Ne7 20. Rc1 Nc6
21. Bb4 Kd7 22. Bc5 Nc8 23. a4 b6 24. Ba3 h6 25. b4 a6 26. Ke3 N8a7 27. Nd2 Rc8
28. Nb3 Nd8 29. Rxc8 Nxc8 30. a5 Kc6 31. Kd3 Kb5 32. Kc3 Nc6 33. axb6 Nxb6 34.
Na5 h5 35. Nb7 Na4+ 36. Kd3 Nxb4+ 37. Bxb4 Kxb4 38. Nd8 Kb3 39. Nxf7 Nb2+ 40.
Kd2 Kc4 41. Ng5 Kxd4 42. Nxe6+ Kxe5 43. Nxg7 h4 44. g3 hxg3 45. fxg3 a5 46. Nh5
Nc4+ 47. Kc3 Ne3 48. Nf4 Nf1 49. Kb3 d4 50. Ka4 Nxh2 51. Kxa5 Nf1 52. Kb4 Nxg3
53. Kc4 Ke4 54. Ne6 1/2-1/2

[Event "Reykjavik Open 2026"]
[Site "Reykjavik ISL"]
[Date "2026.03.28"]
[Round "6.175"]
[White "Sigurdardottir, Sigrun Tara"]
[Black "Blokzijl, Ruben"]
[Result "0-1"]
[WhiteElo "1470"]
[BlackElo "1851"]
[WhiteFideId "2322030"]
[BlackFideId "1091964"]
[EventDate "2026.03.25"]

1. d4 Nf6 2. Nf3 c5 3. c3 g6 4. Bf4 Bg7 5. e3 O-O 6. Be2 Qb6 7. Qc1 d6 8. O-O
Nc6 9. Nbd2 cxd4 10. exd4 Qc7 11. Nb3 Nd5 12. Bh6 e5 13. Bxg7 Kxg7 14. Nbd2 Nf4
15. Bc4 d5 16. Bb5 e4 17. Ne5 Nxe5 18. dxe5 a6 19. Re1 axb5 20. Re3 Qxe5 21. f3
f5 22. Nb3 Ne6 23. Re2 f4 24. fxe4 dxe4 0-1

[Event "Reykjavik Open 2026"]
[Site "Reykjavik ISL"]
[Date "2026.03.28"]
[Round "6.176"]
[White "Sigurdardottir, Emilia"]
[Black "Jamil, Emil Jacobsen"]
[Result "0-1"]
[WhiteElo "1435"]
[BlackElo "1769"]
[WhiteFideId "2322021"]
[BlackFideId "7204183"]
[EventDate "2026.03.25"]

1. d4 f5 2. c4 Nf6 3. Nf3 g6 4. Bf4 Bg7 5. Nc3 O-O 6. Qc2 d6 7. O-O-O Nbd7 8. e4
fxe4 9. Nxe4 c5 10. Nxf6+ Rxf6 11. Bg5 Rf7 12. dxc5 Nxc5 13. Qd2 Qc7 14. Qe3 Bf5
15. Qe2 b5 16. Nh4 bxc4 17. Nxf5 Rxf5 18. Qxc4+ e6 19. Kb1 d5 20. Qe2 Rb8 21.
Rd2 Ne4 22. Rc2 Qa5 23. g3 Rb7 24. Bg2 Rb8 25. Rhc1 Rf7 26. b3 0-1